Statistics for WWE Nicknames

Click here to take the quiz!

General Stats

  • This quiz has been taken 387 times
  • The average score is 34 of 53

Answer Stats

Superstar NicknameSuperstar% Correct
The HitmanBret Hart
95%
The Rated R SuperstarEdge
95%
The DeadmanThe Undertaker
89%
The ViperRandy Orton
88%
The GameTriple H
88%
The Awesome OneThe Miz
84%
The AnimalBatista
83%
The Devil's Favorite DemonKane
83%
The Celtic WarriorSheamus
83%
The World's Largest AthleteBig Show
82%
The World's Strongest ManMark Henry
82%
The Beast IncarnateBrock Lesnar
80%
The Lunatic FringeDean Ambrose
78%
The Most Electrifying Man in Sports EntertainmentThe Rock
78%
The Texas Rattlesnake"Stone Cold" Steve Austin
77%
The Macho ManRandy Savage
76%
The Yes ManDaniel Bryan
75%
The Doctor of ThuganomicsJohn Cena
74%
The ArcitectSeth Rollins
74%
The Best in The WorldCM Punk
73%
The 8th Wonder of The WorldAndre The Giant
72%
The Swiss SupermanCesaro
72%
The Show-OffDolph Ziggler
72%
Captain CharismaChristian
69%
Latino HeatEddie Guerrero
69%
The American DreamDusty Rhodes
68%
The Dashing...Cody Rhodes
67%
The All-American AmericanJack Swagger
67%
The Million-Dollar ManTed DiBiase
65%
The ShowstopperShawn Michaels
64%
The Eater of WorldsBray Wyatt
63%
SuperflyJimmy Snuka
62%
The GlamazonBeth Phoenix
61%
The Punjabi PlayboyThe Great Khali
61%
HacksawJim Duggan
60%
Air BourneEvan Bourne
59%
Big Daddy CoolDiesel
58%
The One Man Rock BandHeath Slater
57%
The FunkasaurusBrodus Clay
55%
The Immortal...Hulk Hogan
55%
The Ayatollah of Rock and RollaChris Jericho
52%
The Ravishing...Rick Rude
52%
The DragonRicky Steamboat
52%
The Bizzare OneGoldust
50%
The Mexican AristocratAlberto Del Rio
48%
The Bad GuyRazor Ramon
42%
The Boom Squad GeneralKofi Kingston
38%
Mr. Monday NightRob Van Dam
38%
The Sinister ScotsmanDrew McIntyre
37%
The JuggernautRoman Reigns
31%
Jennifer Hudson's HusbandDavid Otunga
25%
The Inspirational...Bo Dallas
16%
The 300-PounderBig E Langston
7%

Score Distribution

Percentile by Number Answered

Percent of People with Each Score

Your Score History

You have not taken this quiz